Eurovision Winners Click Quiz - Countries by the Year They Last Won - Statistics

General Stats
  • This quiz has been taken 214 times
  • The average score is 22 of 27
Answer Stats
Hint Extra Hint Answer % Correct
2021 "Zitti e buoni" Italy
93%
2025 "Wasted Love" Austria
92%
2006 "Hard Rock Hallelujah" Finland
92%
2023 "Tattoo" Sweden
92%
2019 "Arcade" Netherlands
91%
2010 "Satellite" Germany
90%
2018 "Toy" Israel
90%
2022 "Stefania" Ukraine
90%
2017 "Amar pelos dois" Portugal
88%
2009 "Fairytale" Norway
87%
2011 "Running Scared" Azerbaijan
85%
2005 "My Number One" Greece
85%
2007 "Molitva" Serbia
85%
2013 "Only Teardrops" Denmark
84%
2024 "The Code" Switzerland
83%
2008 "Believe" Russia
80%
1977 "L'oiseau et l'enfant" France
79%
1969 "Vivo cantando" Spain
79%
2002 "I Wanna" Latvia
77%
1997 "Love Shine a Light" United Kingdom
77%
2001 "Everybody" Estonia
76%
2003 "Everyway That I Can" Turkey
76%
1986 "J'aime la vie" Belgium
73%
1996 "The Voice" Ireland
72%
1989 "Rock Me" Yugoslavia
70%
1983 "Si la vie est cadeau" Luxembourg
64%
1971 "Un banc, un arbre, une rue" Monaco
58%
No matching quizzes found
Score Distribution
Percent of People with Each Score
Percentile by Number Answered
Your Score History
You have not taken this quiz